Seni Tembikar dan Seramik / (Record no. 133363)

MARC details
000 -LEADER
fixed length control field 00889nam a2200277 i 4500
001 - CONTROL NUMBER
control field C2-0334969
003 - CONTROL NUMBER IDENTIFIER
control field PPAK
005 - DATE AND TIME OF LATEST TRANSACTION
control field 20201117164306.0
008 - FIXED-LENGTH DATA ELEMENTS--GENERAL INFORMATION
fixed length control field 151208s2014 my a|||| ||||| | may d
020 ## - INTERNATIONAL STANDARD BOOK NUMBER
International Standard Book Number 9789670643335
Qualifying information paperback
040 ## - CATALOGING SOURCE
Original cataloging agency PPAK
Language of cataloging eng
Transcribing agency PPAK
Description conventions rda
082 04 - DEWEY DECIMAL CLASSIFICATION NUMBER
Classification number 745.509595
Edition number 23
090 00 - LOCALLY ASSIGNED LC-TYPE CALL NUMBER (OCLC); LOCAL CALL NUMBER (RLIN)
Classification number (OCLC) (R) ; Classification number, CALL (RLIN) (NR) 745.509595
Feature heading SEN
Feature heading K
245 00 - TITLE STATEMENT
Title Seni Tembikar dan Seramik /
Statement of responsibility, etc. Penyusun : AINIS NAJWA HISHAM
264 #1 - PRODUCTION, PUBLICATION, DISTRIBUTION, MANUFACTURE, AND COPYRIGHT NOTICE
Place of production, publication, distribution, manufacture Ayer Hitam, Johor :
Name of producer, publisher, distributor, manufacturer Penerbitan Akiz ,
Date of production, publication, distribution, manufacture, or copyright notice 2014
300 ## - PHYSICAL DESCRIPTION
Extent 40 pages :
Other physical details colour illustrations ;
Dimensions 26 cm
336 ## - CONTENT TYPE
Source rdacontent
Content type term text
337 ## - MEDIA TYPE
Source rdamedia
Media type term unmediated
338 ## - CARRIER TYPE
Source rdacarrier
Carrier type term volume
490 1# - SERIES STATEMENT
Series statement Seni Kraf dan Kesenian
500 ## - GENERAL NOTE
General note Includes exercises ; Includes glossary
650 10 - SUBJECT ADDED ENTRY--TOPICAL TERM
Topical term or geographic name entry element Handicraft Malaysia
Form subdivision Juvenile literature.
700 0# - ADDED ENTRY--PERSONAL NAME
Personal name Ainis Najwa Hisham.
Relator term compiler.
830 #0 - SERIES ADDED ENTRY--UNIFORM TITLE
Uniform title Seni Kraf dan Kesenian
942 ## - ADDED ENTRY ELEMENTS (KOHA)
Koha item type Book
Source of classification or shelving scheme Dewey Decimal Classification
Holdings
Withdrawn Not for loan Current library Shelving location Date acquired Full call number Barcode Date last seen Koha item type
    Perpustakaan Alor Setar Pinjaman Kanak-kanak 16/12/2015 K 745.509595 SEN A01474899 09/05/2018 Book
    Perpustakaan Alor Setar Pinjaman Kanak-kanak 30/11/2020 K 745.509595 SEN A00739884 30/11/2020 Book
    Perpustakaan Bandar Baharu Pinjaman Kanak-kanak 16/12/2015 K 745.509595 SEN A01474900 09/05/2018 Book
    Perpustakaan Kuala Nerang Pinjaman Kanak-kanak 16/12/2015 K 745.509595 SEN A01474905 09/05/2018 Book
    Perpustakaan Kulim Pinjaman Kanak-kanak 16/12/2015 K 745.509595 SEN A01474903 09/05/2018 Book
    Perpustakaan Merbok Pinjaman Kanak-kanak 16/12/2015 K 745.509595 SEN A01474902 09/05/2018 Book
    Perpustakaan Pendang Pinjaman Kanak-kanak 16/12/2015 K 745.509595 SEN A01474904 09/05/2018 Book
    Perpustakaan Sik Pinjaman Kanak-kanak 16/12/2015 K 745.509595 SEN A01474901 09/05/2018 Book